Alle TM's der Arenaleiter - Statistiken

Allgemein
  • Dieses Quiz wurde 48 mal gespielt
  • Das Durchschnittsergebnis liegt bei 61 aus 91
Antwortstatistiken
Hint Antwort % Korrekt
Major Bob TM24 / TM36 Donnerblitz
92%
Citro TM24 Donnerblitz
92%
Tulia TM120 Psychokinese
89%
Giovanni TM26 / TM41 Erdbeben
83%
TM39 Felsgrab
83%
Felizia TM39 Felsgrab
83%
Lino TM39 Felsgrab
83%
Mac TM48 Felsgrab
83%
Koga / Janina TM06 / TM27 Toxin
83%
TM03 Aquawelle
81%
Wassili / Juan TM03 Aquawelle
81%
Galantho TM13 Eisstrahl
81%
Pyro TM38 / TM46 Feuersturm
81%
TM19 Gigasauger
81%
Sabrina TM46 Psywelle
81%
Jens TM30 Spukball
81%
Etta TM114 Spukball
81%
TM80 Steinhagel
78%
Misty TM11 Blubbstrahl
75%
Jasmin TM23 Eisenschweif
75%
TM27 Geofissur
75%
Wibke TM40 Aero-Ass
72%
Marinus TM55 Lake
72%
Erika TM21 / TM53 Megasauger
72%
TM34 Schockwelle
72%
Walter TM34 Schockwelle
72%
Kai TM49 Zornklinge
72%
Lamina TM65 Dunkelklaue
69%
Rocko TM34 Geduld
69%
VM05 Kaskade
69%
TM01 Power-Punch
69%
Kamillo TM08 Protzer
69%
TM29 Siedewasser
69%
Benson TM55 Siedewasser
69%
Silvana TM86 Strauchler
69%
Amaro TM86 Strauchler
69%
Veit TM76 Tarnsteine
69%
Bianka TM45 Anziehung
67%
Norbert TM16 Eissturm
67%
Mel TM27 Eissturm
67%
TM04 / TM33 Gedankengut
67%
Ben und Svenja TM04 Gedankengut
67%
Astrid TM04 Gedankengut
67%
TM84 Gifthieb
67%
TM07 Hagelsturm
67%
TM50 Hitzekoller
67%
Flavia TM50 Hitzekoller
67%
TM89 Kehrtwende
67%
Falk TM31 Lehmschelle
67%
Adam TM91 Lichtkanone
67%
TM51 Ruheort
67%
TM19 Ruheort
67%
TM72 Voltwechsel
67%
Kamilla TM72 Voltwechsel
67%
Enigmara TM48 Voltwechsel
67%
Hilda TM60 Ableithieb
64%
Turner TM78 Dampfwalze
64%
TM01 Kopfnuss
64%
Frida TM72 Lawine
64%
Lilia / Lysander TM82 Drachenrute
61%
Norman TM42 Fassade
61%
Aoki TM25 Fassade
61%
Sandra TM24 Feuerodem
61%
Artie TM76 Käfertrutz
61%
Volkner TM57 Ladestrahl
61%
Hartwig TM01 Wuchtschlag
61%
Valerie TM99 Zauberschein
61%
TM59 Drachenpuls
58%
Mica TM09 Giftschock
58%
Géraldine TM62 Akrobatik
56%
Nio TM27 Bürde
56%
TM67 Heimzahlung
56%
Aloe TM67 Heimzahlung
56%
Kabu TM38 Irrlicht
56%
Benny / Maik / Colin TM83 Kraftschub
56%
Cheren TM83 Kraftschub
56%
Viola TM83 Plage
56%
Nezz TM85 Standpauke
56%
Blau TM92 Bizarroraum
53%
Roy TM99 Breitseite
53%
Sandro TM79 Eisesodem
53%
Grusha TM124 Eiskreisel
53%
Kate TM36 Whirlpool
53%
Ronah TM21 Anspringen
50%
Papella TM87 Diebeskuss
50%
Kombu TM22 Kalte Dusche
50%
Connie TM98 Steigerungshieb
50%
Saida TM42 Vergeltung
50%
Colzo TM20 Wegbereiter
50%
TM48 Wertewechsel
47%
Yarro TM10 Zauberbaltt
44%
Keine übereinstimmenden Quizze gefunden
Verteilung der Resultate
Anzahl Personen mit jedem Resultat
Perzentil nach korrekt beantworteten Fragen
Ihre Resultats-Entwicklung
Sie haben dieses Quiz noch nicht gespielt